000 00713cam a22002172 4500
001 0000003532
005 20151217145735.0
008 070509s xx 000 0 eng d
020 _a0130868483 :
_cGBP 27.99
040 _aKABU
_cKABU
050 0 _aLB43
_b.K83
100 1 _aKubow, Patricia K.
_@0000153516
245 1 0 _aComparative education :
_bexploring issues in international context /
_cPatricia K. Kubow, Paul R. Fossum.
260 _aUpper Saddle River, NJ :
_bMerrill Prentice Hall,
_c2003.
300 _axiii, 274 p.
650 0 _aComparative education.
_@0000153512
700 1 _aFossium, Paul R.
_@0000153517
908 _a070509
950 _@1
999 _c2133
_d2133